[Event "Chiang Mai op 20th"]
[Site "Chiangmai"]
[Date "2022.10.30"]
[Round "9.12"]
[White "Setyaki, Azarya Jodi"]
[Black "Maulana, Muhammad Kahfi"]
[Result "0-1"]
[WhiteElo "2429"]
[BlackElo "2227"]
[PlyCount "40"]
[EventDate "2022.10.22"]
[EventType "swiss"]
[EventRounds "9"]
[EventCountry "THA"]
[SourceTitle "EXT 2024"]
[Source "ChessBase"]
[SourceDate "2023.10.10"]
[SourceVersion "1"]
[SourceVersionDate "2023.10.10"]
[SourceQuality "1"]

1. e4 c6 2. d4 d5 3. e5 Bf5 4. h4 h5 5. Bd3 Bxd3 6. Qxd3 Qa5+ 7. Nd2 e6 8. Ngf3 Nh6 9. 0-0 Nf5 10. c4 Be7 11. g3 0-0 12. b3 Rd8 13. Bb2 c5 14. dxc5 Na6 15. a3 Nxc5 16. Qc2 dxc4 17. Nxc4 Qb5 18. b4 Na4 19. Rac1 Rac8 20. Qb3 Nc5 0-1

[Event "Yogyakarta Piala Raja 7th"]
[Site "Yogyakarta"]
[Date "2019.10.24"]
[Round "7"]
[White "Maulana, Muhammad Kahfi"]
[Black "Sadikin The, Irwanto"]
[Result "1-0"]
[WhiteElo "2150"]
[BlackElo "2294"]
[PlyCount "51"]
[EventDate "2019.10.21"]
[EventType "tourn"]
[EventRounds "9"]
[EventCountry "INA"]
[SourceTitle "CBM 192 Extra"]
[Source "Chessbase"]
[SourceDate "2019.11.06"]
[SourceVersion "1"]
[SourceVersionDate "2019.11.06"]
[SourceQuality "1"]

1. d4 d5 2. c4 e6 3. Nc3 c6 4. Nf3 dxc4 5. a4 Bb4 6. e4 b5 7. Be2 Bb7 8. 0-0 a6 9. Qc2 Ne7 10. Rd1 Nd7 11. Bg5 f6 12. Be3 Nb6 13. Na2 Bd6 14. b3 cxb3 15. Qxb3 Kf7 16. Ne5+ Bxe5 17. dxe5 Nbd5 18. exd5 Nxd5 19. exf6 gxf6 20. Nc3 Qe7 21. Ne4 Rad8 22. Bc5 Qc7 23. Bh5+ Kg7 24. Bd6 Rxd6 25. Qg3+ Kh6 26. Nxd6 1-0

[Event "Yogyakarta Piala Raja 7th"]
[Site "Yogyakarta"]
[Date "2019.10.22"]
[Round "4"]
[White "Rahman, Harmani"]
[Black "Maulana, Muhammad Kahfi"]
[Result "1-0"]
[WhiteElo "2106"]
[BlackElo "2150"]
[PlyCount "115"]
[EventDate "2019.10.21"]
[EventType "tourn"]
[EventRounds "9"]
[EventCountry "INA"]
[SourceTitle "CBM 192 Extra"]
[Source "Chessbase"]
[SourceDate "2019.11.06"]
[SourceVersion "1"]
[SourceVersionDate "2019.11.06"]
[SourceQuality "1"]

1. d4 Nf6 2. c4 e6 3. Nc3 d5 4. Nf3 c6 5. e3 Nbd7 6. cxd5 exd5 7. Bd3 Bd6 8. 0-0 0-0 9. Bd2 Re8 10. Qc2 Qe7 11. h3 Ne4 12. Bxe4 dxe4 13. Nh2 Nf6 14. f4 exf3 15. Rxf3 Ne4 16. Nxe4 Qxe4 17. Qxe4 Rxe4 18. Nf1 g6 19. g4 h5 20. gxh5 gxh5 21. Be1 Re6 22. Bg3 Rg6 23. Kh2 Rxg3 24. Rxg3+ Kh8 25. Kg2 Bxg3 26. Kxg3 Be6 27. Kh4 Re8 28. b3 Bd5 29. Re1 Re4+ 30. Kxh5 Kh7 31. Ng3 Re6 32. Kg5 Rg6+ 33. Kf4 Rh6 34. e4 Be6 35. Rh1 Rxh3 36. Rxh3+ Bxh3 37. b4 Kg6 38. Ke5 Kg5 39. Ne2 Bg4 40. Nc3 f6+ 41. Kd6 Kf4 42. e5 f5 43. e6 Ke3 44. d5 Kd2 45. Ke5 cxd5 46. Nxd5 f4 47. e7 Bh5 48. Nxf4 Be8 49. Kd4 Kc2 50. Nd5 Kb2 51. Nc7 Bh5 52. e8Q Bxe8 53. Nxe8 Kxa2 54. Kc4 a6 55. Nd6 b6 56. Nc8 b5+ 57. Kc3 Ka3 58. Nd6 1-0

[Event "Yogyakarta Istimewa op"]
[Site "Yogyakarta"]
[Date "2016.08.22"]
[Round "8"]
[White "Maulana, Muhammad Kahfi"]
[Black "Hafiz, Arif Abdul"]
[Result "1-0"]
[WhiteElo "2042"]
[BlackElo "2392"]
[PlyCount "187"]
[EventDate "2016.08.18"]
[EventType "swiss"]
[EventRounds "9"]
[EventCountry "INA"]
[SourceTitle "EXT 2018"]
[Source "ChessBase"]
[SourceDate "2017.10.13"]
[SourceVersion "1"]
[SourceVersionDate "2017.10.13"]
[SourceQuality "1"]

1. d4 c5 2. c3 Nf6 3. dxc5 g6 4. b4 Bg7 5. Bb2 0-0 6. Nf3 b6 7. cxb6 Qxb6 8. e3 d5 9. Be2 Bb7 10. 0-0 Ne4 11. Qb3 Nc6 12. Nbd2 Nxd2 13. Nxd2 Ne5 14. Rfc1 Qf6 15. Rab1 Rfc8 16. f4 Qb6 17. c4 Nxc4 18. Nxc4 dxc4 19. Bxc4 Bxb2 20. Rxb2 Bd5 21. Rbc2 Bxc4 22. Rxc4 Rxc4 23. Rxc4 a5 24. b5 a4 25. Rxa4 Rxa4 26. Qxa4 Qxe3+ 27. Kf1 Qd3+ 28. Ke1 Qe3+ 29. Kd1 Qg1+ 30. Kc2 Qxg2+ 31. Kb3 Qf3+ 32. Kb4 Qxf4+ 33. Ka5 Qb8 34. Qc4 Qa7+ 35. Kb4 e5 36. a4 Qe3 37. a5 Qd2+ 38. Qc3 Qd6+ 39. Kc4 e4 40. a6 Qe6+ 41. Kc5 e3 42. a7 Qc8+ 43. Kb4 Qe8 44. b6 e2 45. Qe1 Qc6 46. a8Q+ Qxa8 47. Qxe2 Kf8 48. Qe5 Qb7 49. Kc5 Qc8+ 50. Kb5 Qb7 51. Qc7 Qe4 52. b7 Qb1+ 53. Ka6 Qd3+ 54. Ka7 Qa3+ 55. Kb8 Ke8 56. Qe5+ Kd7 57. Qd4+ Kc6 58. Qc4+ Kd6 59. Qxf7 Qa5 60. Qf4+ Kd7 61. Qd4+ Kc6 62. Qf6+ Kd7 63. Qf7+ Kd6 64. Qf6+ Kd7 65. Qf7+ Kd6 66. Qf8+ Kd7 67. Qf7+ Kc6 68. Qc4+ Kd6 69. Qd3+ Kc6 70. Qf3+ Kd7 71. Qf7+ Kd6 72. Qf6+ Kd7 73. Qf7+ Kd6 74. Qf6+ Kd7 75. h4 Qc7+ 76. Ka7 Qa5+ 77. Qa6 Qc5+ 78. Ka8 Qd5 79. Qa4+ Kd8 80. Ka7 Qc5+ 81. Ka8 Qd5 82. Qa1 h6 83. Qh8+ Kc7 84. Qg7+ Kb6 85. Qxg6+ Kc7 86. Qh7+ Kd8 87. Qh8+ Kc7 88. Qg7+ Kb6 89. Qb2+ Kc7 90. Qc2+ Kd6 91. Qg6+ Kc7 92. Qg7+ Kb6 93. Qf6+ Kc7 94. Qe5+ 1-0